000 00423nam a2200157Ia 4500
005 20250305140922.0
008 231217s9999 xx 000 0 und d
020 _a9788131405437
082 _a658.044 SHA;1 R
100 _aShah, Vipul ed.
245 0 _aPublic private partnerships in water : an introduction
260 _c2006
_bICFAI Press
_aHyderabad
300 _avi, 209
650 _apartnerships
942 _cAA
999 _c191014
_d191014